| 000 | 00657nam a2200229 4500 | ||
|---|---|---|---|
| 003 | OSt | ||
| 005 | 20240726075724.0 | ||
| 006 | a | ||
| 008 | 240726b |||||||| |||| 00| 0 eng d | ||
| 020 | _a9780470568620 | ||
| 040 |
_aDWCL-Main lib. _cOC |
||
| 082 | _aCirc. 006.7 R287t 2010 | ||
| 100 | _aReagan, Dusty | ||
| 245 | _aTwitter application development for dummies / | ||
| 260 |
_aHoboken, N.J. : _bWiley Pub. Inc. , _cc2010. |
||
| 300 |
_axviii, _b434 p. : ill. ; _c24 cm. |
||
| 504 | _aIncludes index. | ||
| 650 | _a1. Twitter. | ||
| 650 | _a2. Application software-Development. | ||
| 650 | _a3. Blog-Design. | ||
| 942 |
_2ddc _n0 _cBK-CIRC _kCirc. |
||
| 999 |
_c2828 _d2828 |
||